000 00521nam a2200193Ia 4500
003 GCL
008 140319s9999 xx 000 0 ara d
040 _aGCL /
_cGCL
082 0 4 _a791.437
_bم ت
100 1 _aمصطفى يحيى
245 1 0 _aالتذوق الفنى والسينما /
_cمصطفى يحيى
300 _a225 ص
490 _a
650 0 4 _aنقد
650 0 4 _aالافلام السينمائية
650 0 4 _aالتذوق الفنى
650 0 4 _aالفن والسينما
942 _2ddc
_cBK
999 _c55248
_d55248